000 02969cam a22005774i 4500
003 PE-LiUPU
005 20250731173337.0
008 150706s1993 ne rb 000 0 eng d
020 _a9024262135
020 _a9789042924673
_qBélgica
035 _a(Sirsi) i9789024262137
040 _aPE-LiUPU
_bspa
_cPE-LiUPU
_erda
049 _aPRUA
082 0 4 _a221.07
_bHC2a
_221
100 1 _aHoutman, Cornelis,
_eautor.
245 1 0 _aExodus.
_n1,Volume 1, [Chapters 1-7:13] /
_cCornelis Houtman.
264 1 _aKampen :
_bKok Publishing House - Kampen,
_c1993.
300 _a554 páginas ;
_c24 centímetros.
336 _atext
_2rdacontent
337 _aunmediated
_2rdamedia
338 _avolume
_2rdacarrier
490 1 _aHistorical Commentary on the Old Testament
500 _aVolumen 1, capítulos 1-7:13
504 _aIncluye bibliografía.
505 0 _aExodus 1:1-22: Pharaoh's resistance to the fulfillment of the promises to the patriarchs -- Exodus 2:1-10: The birth of Israel's deliverer -- Exodus 2:11-22: The deliverer rejected by his people -- The call of the deliverer -- Exodus 2:23-4:19: The call of the deliverer -- Exodus 4: 20-31: The return of the deliverer to Egypt -- Exodus 5: 1-21 First confrontation with Pharaoh -- Exodus 5:22-7:13 The deliverer again in discussion with Yhwh second confrontation with Pharaoh.
526 _aSEG42
526 _aSEG41
526 _aSEG40
526 _aSEG39
526 _aP94
526 _aP87
526 _aP86
526 _aP85
526 _aP77
526 _aP76
526 _aP35
541 _g20081126230934D47324;
630 _aBiblia.
_pAT.
_pExodus
_xComentarios.
910 _agl
_bjv
_cjv
_d20100222
942 _2ddc
_cBOOK
949 _a221.07 HC 2A
_wDEWEY
_c1
_i44796
_lCCODEBUL1
_mBUL
_r0
_sY
_tBOOK
_u2015-7-6
_xTEOLOGIA
_zUNKNOWN
_0COMPRA
_o.STAFF. Colección Teología
949 _a221.07 HC 2A
_wDEWEY
_c2
_i59810
_lCCODEBUL1
_mBUL
_p65.00
_r0
_sY
_tBOOK
_u2015-7-6
_xTEOLOGIA
_PP85
_0COMPRA
_o.STAFF. Colección Teología
949 _a221.07 HC 2A
_wDEWEY
_c3
_i73625
_d2016-10-30
_e2016-10-27
_lCCODEBUL1
_mBUL
_n1
_p65.00
_r0
_sY
_tBOOK
_u2016-6-13
_xTEOLOGIA
_PP35
_0COMPRA
_o.CIRCNOTE. Documento de alto precio.
_o.STAFF. Colección General Teología
994 _aC0
_bPEPRU
596 _a1
999 _a221.07 HC 2A
_wDEWEY
_c49346
_i44796
_f2021-11-9
_g5
_lCCODEBUL1
_mBUL
_r0
_sY
_tBOOK
_u2015-7-6
_xTEOLOGIA
_zUNKNOWN
_0COMPRA
_o.STAFF. Colección General
_d49346
999 _a221.07 HC 2A
_wDEWEY
_c2
_i59810
_d2018-5-29
_f2021-11-9
_g5
_lCCODEBUL1
_mBUL
_p56.00
_q2
_r0
_sY
_tBOOK
_u2015-7-6
_xTEOLOGIA
_PP85
_0COMPRA
_o.STAFF. Colección General
999 _a221.07 HC 2A
_wDEWEY
_c3
_i73625
_d2019-5-21
_e2019-5-20
_f2021-11-9
_g5
_lCCODEBUL1
_mBUL
_n3
_p65.00
_r0
_sY
_tBOOK
_u2016-6-13
_xTEOLOGIA
_PP35
_0COMPRA
_o.CIRCNOTE. Documento de alto precio.
_o.STAFF. Colección Teología
980 _81
_gALBERTO SANCHEZ Responsable de Automatización